| 000 | 00507nam a2200181Ia 4500 | ||
|---|---|---|---|
| 008 | 131103s9999 xx 000 0 und d | ||
| 040 | _aLoreto College | ||
| 041 | _aEnglish | ||
| 082 |
_a372/SMI _bLCBED/1712 |
||
| 100 | _aSmith, W.O.Lester | ||
| 245 | 4 |
_aThe library in the primary school _cW.O.Lester Smith |
|
| 260 |
_aLondon _bSchool library association _c1958 |
||
| 300 |
_a100p. _b ill. _c 22cm. |
||
| 650 | _aEducation | ||
| 651 | _aElementary education | ||
| 850 | _aLCBED/372/SMI | ||
| 942 | _cBK | ||
| 999 |
_c26172 _d76651 |
||